Polskie stacje kolejowe mające w nazwie "Północ/ny/na/ne" - Statystyki

Ogólne statystyki
  • Ten quiz został rozwiązany 117 razy
  • Średni wynik to 4 z 12
Statystyki odpowiedzi
Hint Odpowiedź % Poprawnych
SW Włoszczowa Północ
64%
LU Lublin Północny
61%
SL Bielsko-Biała Północ
42%
MZ Radom Północny
42%
LD Zgierz Północ
37%
MZ Warszawa Ursus Północny
29%
SL Zabrze Północne
29%
PM Słupsk Północny
26%
LD Pabianice Północne
19%
SW Suchedniów Północny
14%
LD Głowno Północne
11%
SL Cykarzew Północny
4%
Nie znaleziono quizów pasujących do podanych kryteriów
Rozkład punktacji
Procent ludzi z każdym wynikiem
Percentyl według liczby udzielonych odpowiedzi
Twoja historia wyników
Nie rozwiązałeś tego quizu